000 01175cam a2200361 i 4500
001 0000514
003 DO-SdBNP
005 20240718090900.0
007 0000514
008 100514s 2008 sp c |||| 000 f spa
015 _a
017 _a
_b
020 _a9788466321020
035 _a
040 _aBPMSU
_bspa
_cBPMSU
_e
080 _a
082 4 _a928.69
_bS243p 2008
_222
100 1 _aSaramago, José
_d1922-
245 1 4 _aLas pequeñas memorias /
_cJosé Saramago ; traducción Pilar del Río
_h
260 _aMadrid :
_bSantillana Ediciones Generales,
_c2008
300 _a140 p.:
_bil., retrs.,
_c22 cm
490 0 _aPunto de lectura,
_v3/16
500 _aIncluye datos biográficos del autor.
500 _aTítulo original en protugués: As pequenas memórias.
534 _pTítulo original :
_tAs pequenas memórias
586 _aPremio Nobel de Literatura. 1998
590 _aInventariado, 2024/VM
600 1 4 _aSaramago, José
_d1922-2010
_vAutobiografías
650 4 _aAutores portugueses
_d1922-2010
_vAutobiografías
700 1 _aRío, Pilar del
_etraductor
910 _aVMateo V. Control de calidad. BPMSU
942 _2ddc
_cBK
999 _c10855
_d10855